[Event "265th YMCA Autumn B"]
[Site "Warsaw"]
[Date "2022.09.30"]
[Round "1"]
[White "Szumigaj, Marcin"]
[Black "Dropia, Rafal"]
[Result "1-0"]
[WhiteElo "1510"]
[BlackElo "1568"]
[PlyCount "61"]
[EventDate "2022.09.28"]
[EventType "tourn"]
[EventRounds "1"]
[EventCountry "POL"]
[SourceDate "2022.09.28"]

1. e4 c5 2. Nf3 a6 3. c3 d5 4. exd5 Qxd5 5. d4 Nf6 6. Be2 e6 7. O-O Nc6 8. c4
Qd8 9. Be3 cxd4 10. Nxd4 Bd7 11. Nc3 Qc7 12. Nxc6 Bxc6 13. Qb3 Bd6 14. g3 h5
15. Bb6 Qb8 16. c5 Be5 17. Rad1 Nd7 18. Rd3 h4 19. Bf3 hxg3 20. Bxc6 gxf2+ 21.
Rxf2 Bxh2+ 22. Kf1 bxc6 23. Ne4 Be5 24. Ng5 O-O 25. Nxe6 Nxb6 26. Nxf8 Qxf8 27.
cxb6 Rb8 28. b7 c5 29. Rd7 Bf6 30. Qg3 Kh8 31. Rh2+ 1-0

[Event "265th YMCA Autumn B"]
[Site "Warsaw"]
[Date "2022.09.28"]
[Round "1"]
[White "Tsiapko, Andrii"]
[Black "Klim, Juliusz"]
[Result "1-0"]
[WhiteElo "1590"]
[BlackElo "1471"]
[PlyCount "107"]
[EventDate "2022.09.28"]
[EventType "tourn"]
[EventRounds "1"]
[EventCountry "POL"]
[SourceDate "2022.09.28"]

1. d4 d5 2. c4 e6 3. Nc3 a6 4. cxd5 exd5 5. Nf3 Nf6 6. Bg5 Be6 7. e3 Nbd7 8.
Bd3 Bd6 9. O-O h6 10. Bh4 O-O 11. Rc1 c6 12. Qc2 Qc7 13. Bg3 Bxg3 14. hxg3 Rfe8
15. b4 Qd6 16. Na4 Rad8 17. Nc5 Nxc5 18. bxc5 Qc7 19. Rb1 Bc8 20. Rb3 Re7 $11
21. Rfb1 Qd7 22. Rb6 Qg4 23. Ne5 Qh5 24. Be2 Qg5 25. Nf3 Qh5 26. Ne5 Qg5 27.
Qd1 Ne4 28. Nf3 Qf6 29. Qc2 Qe6 30. Bd3 Nf6 31. Ne5 Ng4 32. Nxg4 Qxg4 33. Qe2
Qxe2 34. Bxe2 g6 $11 35. Kf1 Kg7 36. Bd3 f5 37. Ke2 Kf7 38. Kd2 Ke8 39. g4 Kf7
40. gxf5 gxf5 41. Rh1 Kg7 42. Rbb1 Rf8 43. g3 Rh8 44. Rh5 Rf7 45. a4 Rf6 46. a5
Re8 47. Rh4 Rh8 48. Ke2 Re8 49. Kf3 Rh8 50. Be2 Rg8 51. Rg1 Kh7 52. Kg2 Bd7 53.
Kf1 Rgf8 54. Rg2 $138 1-0

[Event "265th YMCA Autumn B"]
[Site "Warsaw"]
[Date "2022.09.29"]
[Round "1"]
[White "Wojciechowski, Franciszek"]
[Black "Kurowski, Maciej"]
[Result "0-1"]
[WhiteElo "1503"]
[BlackElo "1575"]
[PlyCount "106"]
[EventDate "2022.09.28"]
[EventType "tourn"]
[EventRounds "1"]
[EventCountry "POL"]
[SourceDate "2022.09.28"]

1. d4 d5 2. c4 c6 3. cxd5 cxd5 4. Nc3 Nf6 5. Bf4 Qb6 6. Qd2 Bf5 7. e3 e6 8. a3
Nbd7 9. Nf3 Ne4 10. Nxe4 Bxe4 11. Rc1 Bd6 12. Bxd6 Qxd6 13. Bd3 Bxd3 14. Qxd3
O-O 15. O-O Rfc8 16. Rc2 Rc6 17. Rfc1 Rac8 18. h3 h6 19. Nd2 Nb6 20. g3 a6 21.
Nb3 Nc4 22. Nc5 b6 23. Nxa6 Nxb2 24. Rxc6 Rxc6 25. Rxc6 Qxc6 26. Qd2 Nc4 27.
Qb4 Qb7 28. Nc5 Qa7 29. Na4 Qa6 30. Kg2 Qa5 31. e4 Qxb4 32. axb4 dxe4 33. Nc3
f5 34. g4 g6 35. h4 Kf7 36. d5 fxg4 37. dxe6+ Kxe6 38. Nxe4 Ke5 39. Nc3 h5 40.
Kg3 Nd6 41. Na4 b5 42. Nb6 Nf5+ 43. Kh2 Nxh4 44. Nd7+ Kf4 45. Nf8 Nf3+ 46. Kg2
Ne1+ 47. Kg1 Nd3 48. Ne6+ Ke5 49. Nc7 Nxb4 50. Nxb5 g5 51. Nc3 Nd3 52. Ne2 h4
53. Nc3 Nf4 0-1

[Event "265th YMCA Autumn B"]
[Site "Warsaw"]
[Date "2022.09.28"]
[Round "1"]
[White "Pichurko, Jakub"]
[Black "Mlynarski, Zbigniew"]
[Result "1/2-1/2"]
[WhiteElo "1698"]
[BlackElo "1588"]
[PlyCount "59"]
[EventDate "2022.09.28"]
[EventType "tourn"]
[EventRounds "1"]
[EventCountry "POL"]
[SourceDate "2022.09.28"]

1. d4 Nf6 2. Nf3 g6 3. Bf4 d6 4. h3 Bg7 5. e3 O-O 6. Be2 b6 7. O-O Ba6 8. Bxa6
Nxa6 9. c3 c5 10. Nbd2 Nc7 11. a4 Re8 12. Qb3 Nh5 13. Bh2 e5 14. dxe5 dxe5 15.
Rfd1 Qe7 16. Ne4 Rad8 17. Rxd8 Rxd8 18. Rd1 Rxd1+ 19. Qxd1 Nf6 20. Nxf6+ $11
Bxf6 21. e4 Qe8 22. Qd6 Qxa4 23. Bxe5 Qa1+ 24. Kh2 Bxe5+ 25. Qxe5 Ne6 26. Qb8+
Kg7 27. Qe5+ Kg8 28. Qb8+ Kg7 29. Qe5+ Kg8 30. Qb8+ 1/2-1/2

[Event "265th YMCA Autumn B"]
[Site "Warsaw"]
[Date "2022.09.28"]
[Round "1"]
[White "Bartczak, Hanna"]
[Black "Kwiek, Janusz"]
[Result "1-0"]
[WhiteElo "1501"]
[BlackElo "1428"]
[PlyCount "49"]
[EventDate "2022.09.28"]
[EventType "tourn"]
[EventRounds "1"]
[EventCountry "POL"]
[SourceDate "2022.09.28"]

1. d4 c6 2. Nc3 d5 3. Bf4 Nf6 4. e3 Bf5 5. f3 Nbd7 6. g4 Bg6 7. h4 h6 8. Bd3
Bxd3 9. Qxd3 e6 10. Nge2 Bb4 11. O-O-O Nb6 12. a3 Bd6 13. e4 Bxf4+ 14. Nxf4
dxe4 15. Nxe4 Nfd5 16. Nh5 O-O 17. g5 Kh8 18. c4 Nxc4 19. Qxc4 Ne3 20. Qd3 Nxd1
21. Rxd1 f5 22. gxf6 gxf6 23. Qe3 Kh7 24. Rg1 f5 25. Rg7+ 1-0

[Event "265th YMCA Autumn B"]
[Site "Warsaw"]
[Date "2022.09.28"]
[Round "1"]
[White "Krogulski, Maksymilian"]
[Black "Jaroszuk, Marcin"]
[Result "1-0"]
[WhiteElo "1559"]
[BlackElo "1495"]
[PlyCount "115"]
[EventDate "2022.09.28"]
[EventType "tourn"]
[EventRounds "1"]
[EventCountry "POL"]
[SourceDate "2022.09.28"]

1. e4 e5 2. Nf3 Nc6 3. Nc3 Nf6 4. d4 exd4 5. Nxd4 Nxe4 6. Nxe4 Qe7 7. f3 d5 8.
Bb5 Bd7 9. Bxc6 bxc6 10. O-O dxe4 11. fxe4 O-O-O 12. Qd3 f6 13. Rf3 Re8 14.
Qa6+ Kd8 15. Rd3 Qc5 16. Be3 Bd6 17. Ne6+ Rxe6 18. Bxc5 Bxc5+ 19. Kh1 Rhe8 20.
Rad1 Bd6 21. Qa5 Re5 22. Qxa7 Rxe4 23. Qa5 R8e5 24. Qd2 Re2 25. Qc1 Be6 26. c4
Bxc4 27. R3d2 Bd5 28. Rxe2 Rxe2 29. Rd2 Bf4 30. Rxd5+ cxd5 31. Qd1 Rd2 32. Qb3
Be5 33. g3 Bxb2 34. Qb4 Rd1+ 35. Kg2 Be5 36. Qf8+ Kd7 37. Qxg7+ Kd6 38. Qf8+
Kd7 39. a4 Ra1 40. Qc5 Ra2+ 41. Kh3 Ke6 42. a5 Bd6 43. Qb5 h5 44. a6 h4 45. Qb7
f5 46. a7 hxg3 47. hxg3 Ra3 48. a8=Q Rxg3+ 49. Kh4 Rg4+ 50. Kh5 Rd4 51. Qbc8+
Ke5 52. Qa1 c5 53. Qe8+ Kf6 54. Qh8+ Ke6 55. Qh6+ Kd7 56. Qa7+ Bc7 57. Qg7+ Ke6
58. Qxd4 1-0

[Event "265th YMCA Autumn B"]
[Site "Warsaw"]
[Date "2022.10.04"]
[Round "2"]
[White "Dropia, Rafal"]
[Black "Jaroszuk, Marcin"]
[Result "1-0"]
[WhiteElo "1568"]
[BlackElo "1495"]
[PlyCount "113"]
[EventDate "2022.09.28"]
[EventType "tourn"]
[EventRounds "1"]
[EventCountry "POL"]
[SourceDate "2022.09.28"]

1. d4 Nf6 2. Nc3 d5 3. Bf4 c5 4. e3 cxd4 5. exd4 Bg4 6. f3 Bd7 7. Nb5 Bxb5 8.
Bxb5+ Nc6 9. c3 a6 10. Bd3 e6 11. Ne2 Bd6 12. O-O Bxf4 13. Nxf4 O-O 14. Re1 Qb6
15. Qb3 Qc7 16. g3 Rad8 17. Kg2 e5 18. dxe5 Nxe5 19. Rad1 g5 20. Ne2 g4 21.
fxg4 Nexg4 22. Nd4 Rde8 23. Nf5 Qc5 24. Qc2 Re5 25. h3 Rfe8 26. Rxe5 Nxe5 27.
Re1 Nxd3 28. Rxe8+ Nxe8 29. Qxd3 Nf6 30. Qe3 Qxe3 31. Nxe3 Kg7 32. Kf3 Kg6 33.
h4 h5 34. Kf4 Kg7 35. Ke5 Kg6 36. a4 a5 37. b4 Ne4 38. Nxd5 Nxg3 39. Ne7+ Kh7
40. bxa5 f6+ 41. Kd5 f5 42. Ke5 Ne4 43. c4 Nc3 44. Nxf5 Nxa4 45. Nd6 Nc5 46.
Kd5 Na6 47. Nxb7 Kg6 48. Nc5 Nb4+ 49. Kd6 Kf5 50. a6 Nxa6 51. Nxa6 Kg4 52. c5
Kxh4 53. c6 Kg3 54. c7 h4 55. c8=Q h3 56. Qc6 Kh2 57. Qf3 1-0

[Event "265th YMCA Autumn B"]
[Site "Warsaw"]
[Date "2022.10.05"]
[Round "2"]
[White "Kwiek, Janusz"]
[Black "Krogulski, Maksymilian"]
[Result "1-0"]
[WhiteElo "1428"]
[BlackElo "1559"]
[PlyCount "133"]
[EventDate "2022.09.28"]
[EventType "tourn"]
[EventRounds "1"]
[EventCountry "POL"]
[SourceDate "2022.09.28"]

1. Nf3 c5 2. c4 Nc6 3. g3 g6 4. Bg2 Bg7 5. O-O Nf6 6. Nc3 O-O 7. d3 e6 8. Bg5
h6 9. Be3 b6 10. d4 cxd4 11. Nxd4 Bb7 12. Nxc6 dxc6 13. Qc2 Qc7 14. Rfd1 Rad8
15. Rxd8 Rxd8 16. Rd1 Rxd1+ 17. Qxd1 Nd7 18. Qd2 Ne5 19. Bf4 Nxc4 20. Qc1 e5
21. Bxh6 Bxh6 22. Qxh6 Nxb2 23. Ne4 Qd8 24. Ng5 Qf6 25. Qh7+ Kf8 26. Qh4 Ke8
27. Qg4 Nd1 28. Ne4 Qe6 29. Qxe6+ fxe6 30. Nd6+ Kd7 31. Nxb7 Kc7 32. Be4 Nc3
33. Bxg6 Nxe2+ 34. Kf1 Nd4 35. h4 Nf3 36. Kg2 Ne1+ 37. Kf1 Nf3 38. Kg2 Ne1+ 39.
Kh3 Nf3 40. Kg4 Nh2+ 41. Kg5 Kxb7 42. Be4 Nf1 43. h5 Nd2 44. Bg2 Nc4 45. h6 b5
46. h7 Nd6 47. Kf6 b4 48. h8=Q a5 49. Qh1 Kb6 50. Kxe5 Nc4+ 51. Kd4 Na3 52.
Bxc6 Nc2+ 53. Kd3 Na3 54. Ba4 Nb5 55. Bxb5 Kxb5 56. Qc1 Ka4 57. Qb2 Kb5 58. a3
Kc5 59. axb4+ axb4 60. Qb3 Kb5 61. Qxe6 Ka4 62. Kc4 Ka3 63. Qa6+ Kb2 64. Kxb4
Kb1 65. Qe2 Ka1 66. Kb3 Kb1 67. Qd1# 1-0

[Event "265th YMCA Autumn B"]
[Site "Warsaw"]
[Date "2022.10.05"]
[Round "2"]
[White "Mlynarski, Zbigniew"]
[Black "Bartczak, Hanna"]
[Result "1-0"]
[WhiteElo "1588"]
[BlackElo "1501"]
[PlyCount "51"]
[EventDate "2022.09.28"]
[EventType "tourn"]
[EventRounds "1"]
[EventCountry "POL"]
[SourceDate "2022.09.28"]

1. e4 d6 2. d4 Nf6 3. Nc3 g6 4. Bg5 Bg7 5. Qd2 c6 6. Be2 b5 7. a3 a5 8. d5 Bd7
9. dxc6 Bxc6 10. Bxb5 Bxb5 11. Nxb5 Nxe4 12. Qd5 Nxg5 13. Qxa8 Qb6 14. Qd5 Ne6
15. Ne2 O-O 16. Rb1 Nc6 17. O-O Nc5 18. c4 Nb3 19. Qd1 a4 20. Nec3 Ra8 21. Nxa4
Rxa4 22. Qxb3 Qa5 23. Rbc1 Nd4 24. Nxd4 Bxd4 25. Rfd1 Qa7 26. Rxd4 1-0

[Event "265th YMCA Autumn B"]
[Site "Warsaw"]
[Date "2022.10.05"]
[Round "2"]
[White "Kurowski, Maciej"]
[Black "Pichurko, Jakub"]
[Result "0-1"]
[WhiteElo "1575"]
[BlackElo "1698"]
[PlyCount "62"]
[EventDate "2022.09.28"]
[EventType "tourn"]
[EventRounds "1"]
[EventCountry "POL"]
[SourceDate "2022.09.28"]

1. e4 Nf6 2. e5 Nd5 3. d4 d6 4. Nf3 Bg4 5. Be2 e6 6. O-O Be7 7. c4 Nb6 8. exd6
cxd6 9. Nc3 O-O 10. h3 Bh5 11. Be3 d5 12. c5 N6d7 13. b4 a6 14. Qb3 Nc6 15.
Rfd1 Nf6 16. Bf4 Ne4 17. Na4 g5 18. Bh2 Rc8 19. Nb6 Rc7 20. Bxc7 Qxc7 21. g4
Bg6 22. a4 f5 23. Ne5 Nxe5 24. Nxd5 exd5 25. Qxd5+ Nf7 26. gxf5 Nf6 27. Qe6 Bh5
28. Bxh5 Nxh5 29. d5 Nf4 30. Qe3 Bf6 31. Rac1 Rd8 0-1

[Event "265th YMCA Autumn B"]
[Site "Warsaw"]
[Date "2022.10.07"]
[Round "2"]
[White "Szumigaj, Marcin"]
[Black "Tsiapko, Andrii"]
[Result "1/2-1/2"]
[WhiteElo "1510"]
[BlackElo "1590"]
[PlyCount "85"]
[EventDate "2022.09.28"]
[EventType "tourn"]
[EventRounds "1"]
[EventCountry "POL"]
[SourceDate "2022.09.28"]

1. e4 c5 2. Nf3 Nc6 3. Bb5 g6 4. O-O Bg7 5. Bxc6 dxc6 6. d3 Nf6 7. Re1 O-O 8.
Nbd2 Qc7 9. a4 a5 10. Nb3 b6 11. Qe2 e5 12. Bg5 Re8 13. Bxf6 Bxf6 14. Nbd2 Ra7
15. b3 Bg7 16. Nc4 h6 17. Qe3 Kh7 18. h3 Qd8 19. Nh2 Rae7 20. Qf3 Qc7 21. g4 f5
22. gxf5 gxf5 23. Kh1 Rf8 24. Rg1 Kh8 25. Qg3 fxe4 26. dxe4 Ref7 27. f3 Be6 28.
Ne3 Qe7 29. Rad1 Rg8 30. Neg4 Rf4 31. Rd2 h5 32. Ne3 Bh6 33. Qf2 Rxg1+ 34. Qxg1
Bxh3 35. Qg6 Qg5 36. Rd8+ Qxd8 37. Qxh6+ Kg8 38. Qg6+ Kf8 39. Qh6+ Kg8 40. Qg6+
Kf8 41. Qh6+ Kg8 42. Qg6+ Kf8 43. Qh6+ 1/2-1/2

[Event "265th YMCA Autumn B"]
[Site "Warsaw"]
[Date "2022.10.11"]
[Round "3"]
[White "Tsiapko, Andrii"]
[Black "Dropia, Rafal"]
[Result "1-0"]
[WhiteElo "1590"]
[BlackElo "1568"]
[PlyCount "87"]
[EventDate "2022.09.28"]
[EventType "tourn"]
[EventRounds "1"]
[EventCountry "POL"]
[SourceDate "2022.09.28"]

1. d4 c5 2. d5 e6 3. c4 Nf6 4. Nc3 exd5 5. cxd5 d6 6. e4 g6 7. Nf3 Bg4 8. Bd3
Bg7 9. O-O O-O 10. Bf4 a6 11. a4 Re8 12. h3 Bxf3 13. Qxf3 Qc7 14. Rac1 Nbd7 15.
Rfe1 Ne5 16. Bxe5 Rxe5 17. Nb1 Nd7 18. Nd2 Re7 19. b4 Qd8 20. b5 a5 21. Nc4 Ne5
22. Qg3 Nxc4 23. Bxc4 Bd4 24. Kh1 b6 25. f4 Qc7 26. Qf3 Rae8 27. Re2 Kh8 28. g4
f6 29. h4 Rg7 30. g5 Rf7 31. Qg3 Qe7 32. Rf1 Qf8 33. Bd3 Ree7 34. Qg4 Re8 35.
f5 Qg7 36. Rh2 Rg8 37. Rf3 Be5 38. Rg2 fxg5 39. hxg5 gxf5 40. exf5 Qf8 41. Rh3
Re7 42. Qh4 Ra7 43. f6 Qf7 44. g6 1-0

[Event "265th YMCA Autumn B"]
[Site "Warsaw"]
[Date "2022.10.14"]
[Round "3"]
[White "Wojciechowski, Franciszek"]
[Black "Szumigaj, Marcin"]
[Result "0-1"]
[WhiteElo "1503"]
[BlackElo "1510"]
[PlyCount "40"]
[EventDate "2022.09.28"]
[EventType "tourn"]
[EventRounds "1"]
[EventCountry "POL"]
[SourceDate "2022.09.28"]

1. d4 Nf6 2. c4 c5 3. d5 b5 4. cxb5 a6 5. bxa6 g6 6. Nc3 Bg7 7. e4 Qa5 8. Bd2
d6 9. Bb5+ Bd7 10. Bxd7+ Nfxd7 11. f4 O-O 12. Nf3 Nxa6 13. O-O Rfb8 14. Rb1 Nb4
15. a3 Nd3 16. Qc2 c4 17. Nd1 Qa4 18. Qxa4 Rxa4 19. Bc3 Rxa3 20. Nd4 Rxc3 0-1

[Event "265th YMCA Autumn B"]
[Site "Warsaw"]
[Date "2022.10.12"]
[Round "3"]
[White "Pichurko, Jakub"]
[Black "Klim, Juliusz"]
[Result "1/2-1/2"]
[WhiteElo "1698"]
[BlackElo "1471"]
[PlyCount "50"]
[EventDate "2022.09.28"]
[EventType "tourn"]
[EventRounds "1"]
[EventCountry "POL"]
[SourceDate "2022.09.28"]

1. d4 d5 2. Nf3 Nf6 3. e3 Bf5 4. c4 c6 5. Qb3 Qb6 6. c5 Qc7 7. Bd3 Bg6 8. Qd1
e6 9. b4 a6 10. Bb2 Be7 11. Ne5 Bxd3 12. Qxd3 Nbd7 13. Nd2 Nxe5 14. dxe5 Nd7
15. f4 O-O 16. O-O Rfb8 17. Bd4 a5 18. a3 axb4 19. axb4 b6 20. Nb3 bxc5 21.
bxc5 Rxa1 22. Rxa1 Rb5 23. Qc3 g6 24. g4 Qb8 25. Ra3 Kg7 $11 1/2-1/2

[Event "265th YMCA Autumn B"]
[Site "Warsaw"]
[Date "2022.10.12"]
[Round "3"]
[White "Bartczak, Hanna"]
[Black "Kurowski, Maciej"]
[Result "0-1"]
[WhiteElo "1501"]
[BlackElo "1575"]
[PlyCount "100"]
[EventDate "2022.09.28"]
[EventType "tourn"]
[EventRounds "1"]
[EventCountry "POL"]
[SourceDate "2022.09.28"]

1. d4 d5 2. Nc3 Nf6 3. Bf4 e6 4. e3 Bb4 5. Bd3 c5 6. dxc5 Nbd7 7. Nge2 a6 8.
Bd6 Nxc5 9. Bxc5 Bxc5 10. O-O O-O 11. Nf4 Bd7 12. Be2 Bc6 13. Bf3 Qd6 14. Nh5
Nxh5 15. Bxh5 b5 16. a3 Rfd8 17. Qe2 b4 18. axb4 Bxb4 19. Rxa6 Bxc3 20. bxc3
Qc5 21. Rxa8 Rxa8 22. c4 Qxc4 23. Qxc4 dxc4 24. c3 Ra2 25. Rc1 Be4 26. Kf1 Bd3+
27. Kg1 Kf8 28. Bf3 Ke7 29. g4 g5 30. Kg2 Kf6 31. Kg3 e5 32. Bd5 e4 33. f3 exf3
34. Bxf3 Ke5 35. h4 h6 36. hxg5 hxg5 37. Bb7 Re2 38. Kf3 Rb2 39. Bc6 Rb6 40.
Ba8 Rf6+ 41. Kg3 Be4 42. Ra1 Rf3+ 43. Kh2 Bxa8 44. Rxa8 Rxe3 45. Ra5+ Kf4 46.
Rf5+ Kxg4 47. Rxf7 Rxc3 48. Rf2 Rd3 49. Rg2+ Kh4 50. Kh1 Rh3+ 0-1

[Event "265th YMCA Autumn B"]
[Site "Warsaw"]
[Date "2022.09.28"]
[Round "3"]
[White "Krogulski, Maksymilian"]
[Black "Mlynarski, Zbigniew"]
[Result "0-1"]
[WhiteElo "1559"]
[BlackElo "1588"]
[PlyCount "116"]
[EventDate "2022.09.28"]
[EventType "tourn"]
[EventRounds "1"]
[EventCountry "POL"]
[SourceDate "2022.09.28"]

1. e4 e5 2. Nf3 Nc6 3. d4 exd4 4. Nxd4 Bc5 5. Nxc6 bxc6 6. Bd3 d5 7. exd5 cxd5
8. O-O Nf6 9. Re1+ Be6 10. Bb5+ Nd7 11. Qxd5 O-O 12. Rxe6 Bxf2+ 13. Kf1 fxe6
14. Qxe6+ Kh8 15. Qxd7 Be3+ 16. Ke2 Bxc1 17. Qxd8 Raxd8 18. a4 Bxb2 19. Ra2 Bd4
20. Bc6 Rf2+ 21. Ke1 Rd6 22. Bf3 Re6+ 23. Kd1 Rf1+ 24. Kd2 Rxb1 25. Ra3 Bf6 26.
Kd3 Rb8 27. Kc4 Rd6 28. Rb3 Rxb3 29. cxb3 Kg8 30. Kc5 Be7 31. Bd5+ Kf8 32. Kc4
Bf6 33. a5 Be5 34. h3 Ke7 35. b4 c6 36. Bf3 Kd7 37. Kc5 Kc7 38. b5 cxb5 39.
Kxb5 a6+ 40. Kc4 Bf4 41. Kb3 Bd2 42. Ka2 Bxa5 43. Ka1 Bb6 44. g4 a5 45. g5 a4
46. h4 Rd2 47. h5 a3 48. Bd5 Rxd5 49. h6 gxh6 50. g6 hxg6 51. Kb1 Rd2 52. Ka1
Bd4+ 53. Kb1 a2+ 54. Kc1 a1=Q+ 55. Kxd2 Qc3+ 56. Kd1 Be3 57. Ke2 Qd2+ 58. Kf1
Qf2# 0-1

[Event "265th YMCA Autumn B"]
[Site "Warsaw"]
[Date "2022.10.25"]
[Round "3"]
[White "Jaroszuk, Marcin"]
[Black "Kwiek, Janusz"]
[Result "1-0"]
[WhiteElo "1495"]
[BlackElo "1428"]
[PlyCount "61"]
[EventDate "2022.09.28"]
[EventType "tourn"]
[EventRounds "1"]
[EventCountry "POL"]
[SourceDate "2022.09.28"]

1. f4 d5 2. Nf3 Bf5 3. e3 e6 4. Be2 Nf6 5. O-O h6 6. Ne5 Nbd7 7. g4 Bh7 8. g5
Ne4 9. d3 Nd6 10. Nf3 Be7 11. gxh6 gxh6 12. Qe1 Bf6 13. Nc3 Rg8+ 14. Kh1 Qe7
15. a4 Bf5 16. Rg1 O-O-O 17. Nb5 a6 18. Nbd4 Rxg1+ 19. Qxg1 Bh7 20. Qe1 e5 21.
fxe5 Nxe5 22. Qa5 Nxf3 23. Nxf3 Nf5 24. Bd2 Nxe3 25. Bb4 Qd7 26. Bc5 Qe6 27.
Qd2 Ng4 28. Rg1 b6 29. Bd4 Bxd4 30. Nxd4 Qe3 31. Bxg4+ 1-0

[Event "265th YMCA Autumn B"]
[Site "Warsaw"]
[Date "2022.10.18"]
[Round "4"]
[White "Dropia, Rafal"]
[Black "Kwiek, Janusz"]
[Result "1-0"]
[WhiteElo "1568"]
[BlackElo "1428"]
[PlyCount "89"]
[EventDate "2022.09.28"]
[EventType "tourn"]
[EventRounds "1"]
[EventCountry "POL"]
[SourceDate "2022.09.28"]

1. d4 d5 2. Nf3 Bf5 3. Bf4 e6 4. e3 Nf6 5. c4 Bxb1 6. Qa4+ Nc6 7. Rxb1 Bb4+ 8.
Ke2 dxc4 9. Ne5 Nd5 10. a3 Nxf4+ 11. exf4 Bd6 12. Nxc6 Qd7 13. Qxc4 Qxc6 14.
Qxc6+ bxc6 15. g3 Rb8 16. Bg2 Kd7 17. b4 Rb6 18. Rbc1 Rhb8 19. Rc3 Ra6 20. Rhc1
Rbb6 21. Kd3 g6 22. Kc2 Be7 23. Bf1 Ra4 24. Kb3 Bxb4 25. axb4 Raxb4+ 26. Kc2
Rb2+ 27. Kd3 Rxf2 28. R3c2 Rxc2 29. Rxc2 Kd6 30. Ra2 a6 31. Ke3 Rb3+ 32. Bd3
Rb6 33. Rxa6 Rb2 34. h4 h5 35. Ra3 Rg2 36. Kf3 Rd2 37. Rc3 Rb2 38. Be4 Rb6 39.
Ke3 Ra6 40. Rb3 c5 41. dxc5+ Kxc5 42. Rd3 f5 43. Bf3 Kc4 44. Rd7 c5 45. Be2+
1-0

[Event "265th YMCA Autumn B"]
[Site "Warsaw"]
[Date "2022.10.19"]
[Round "4"]
[White "Mlynarski, Zbigniew"]
[Black "Jaroszuk, Marcin"]
[Result "1/2-1/2"]
[WhiteElo "1588"]
[BlackElo "1495"]
[PlyCount "84"]
[EventDate "2022.09.28"]
[EventType "tourn"]
[EventRounds "1"]
[EventCountry "POL"]
[SourceDate "2022.09.28"]

1. e4 e5 2. Nf3 Nc6 3. Nc3 Nf6 4. d4 exd4 5. Nxd4 Nxe4 6. Nxe4 Qe7 7. f3 d5 8.
Bb5 Bd7 9. Bxc6 bxc6 10. O-O dxe4 11. fxe4 O-O-O 12. Qe2 c5 13. Qa6+ Kb8 14.
Rf3 Qxe4 15. Nb3 Bc6 16. Be3 Bb7 17. Qb5 Qb4 18. Qxb4 cxb4 19. Rxf7 Bd5 20. Rd1
Rd6 21. Rf4 Bb7 22. Rdf1 Be7 23. Bc5 Rg6 24. g3 Bxc5+ 25. Nxc5 Rc6 26. Nd7+ Kc8
27. Ne5 Re6 28. Nd3 Re2 29. R1f2 Rxf2 30. Kxf2 a5 31. Rf5 Re8 32. Rxa5 Rf8+ 33.
Ke2 Re8+ 34. Kd2 Bf3 35. Nxb4 Re2+ 36. Kc3 Rxh2 37. Rf5 Be4 38. Rf4 Bg6 39.
Rf8+ Kb7 40. Rg8 Rg2 41. Rxg7 Rxg3+ 42. Nd3 Kb6 1/2-1/2

[Event "265th YMCA Autumn B"]
[Site "Warsaw"]
[Date "2022.10.19"]
[Round "4"]
[White "Kurowski, Maciej"]
[Black "Krogulski, Maksymilian"]
[Result "1-0"]
[WhiteElo "1575"]
[BlackElo "1559"]
[PlyCount "93"]
[EventDate "2022.09.28"]
[EventType "tourn"]
[EventRounds "1"]
[EventCountry "POL"]
[SourceDate "2022.09.28"]

1. e4 c5 2. Nf3 e6 3. d4 cxd4 4. Nxd4 Nc6 5. Nc3 Qc7 6. Be3 a6 7. Qf3 Nf6 8.
Nxc6 bxc6 9. Qg3 Qxg3 10. hxg3 Bb4 11. Bd3 h6 12. a3 Ba5 13. f3 d5 14. b4 Bc7
15. Kf2 O-O 16. g4 e5 17. g5 d4 18. gxf6 dxe3+ 19. Kxe3 Bb6+ 20. Kd2 Bd4 21.
Rab1 Bb6 22. g4 Bd8 23. fxg7 Bg5+ 24. Ke2 Kxg7 25. a4 Be6 26. a5 Rfb8 27. Na4
Be7 28. Nc5 Bxc5 29. bxc5 Rb5 30. Bxb5 cxb5 31. Rbd1 Rc8 32. Rd6 Rxc5 33. Kd2
Kg6 34. Rxa6 Kg5 35. Rb6 b4 36. Ra1 Kf4 37. a6 Rc8 38. a7 Ra8 39. Rb8 Rxa7 40.
Rxa7 Kxf3 41. Rxb4 Kxg4 42. Ke3 h5 43. Rb8 h4 44. Rg8+ Kh3 45. Kf2 Kh2 46. Rg2+
Kh1 47. Ra1# 1-0

[Event "265th YMCA Autumn B"]
[Site "Warsaw"]
[Date "2022.10.19"]
[Round "4"]
[White "Klim, Juliusz"]
[Black "Bartczak, Hanna"]
[Result "1-0"]
[WhiteElo "1471"]
[BlackElo "1501"]
[PlyCount "61"]
[EventDate "2022.09.28"]
[EventType "tourn"]
[EventRounds "1"]
[EventCountry "POL"]
[SourceDate "2022.09.28"]

1. e4 e6 2. d4 d5 3. Nd2 Nf6 4. e5 Nfd7 5. f4 c5 6. c3 b6 7. Ndf3 Ba6 8. Bxa6
Nxa6 9. Nh3 Be7 10. O-O Nc7 11. Kh1 h6 12. g4 Bh4 13. f5 Be7 14. Nf4 Nf8 15. f6
gxf6 16. Nh5 Ng6 17. exf6 Bd6 18. Qe1 cxd4 19. cxd4 Kf8 20. Nh4 Qd7 21. Nxg6+
fxg6 22. Nf4 Kf7 23. Nd3 Rac8 24. Bf4 g5 25. Bxd6 Qxd6 26. Ne5+ Kg8 27. Qb1 Rh7
28. f7+ Kh8 29. Ng6+ Kg7 30. f8=Q+ Rxf8 31. Nxf8 1-0

[Event "265th YMCA Autumn B"]
[Site "Warsaw"]
[Date "2022.10.21"]
[Round "4"]
[White "Szumigaj, Marcin"]
[Black "Pichurko, Jakub"]
[Result "0-1"]
[WhiteElo "1510"]
[BlackElo "1698"]
[PlyCount "80"]
[EventDate "2022.09.28"]
[EventType "tourn"]
[EventRounds "1"]
[EventCountry "POL"]
[SourceDate "2022.09.28"]

1. d4 d5 2. Nf3 Nf6 3. c4 c6 4. g3 g6 5. Bg2 Bg7 6. O-O O-O 7. b3 Bf5 8. Bb2
Ne4 9. Nbd2 Nd7 10. Nh4 Nxd2 11. Qxd2 Be6 12. cxd5 cxd5 13. Rac1 Nf6 14. Qb4 b6
15. Nf3 a5 16. Qa3 b5 17. Qc5 Rb8 18. Ne5 Nd7 19. Qc7 Nxe5 $11 20. dxe5 Rc8 21.
Qxd8 Rfxd8 22. Rfd1 d4 23. Bb7 Rxc1 24. Rxc1 Bxe5 25. e3 Bf5 26. exd4 Bxd4 27.
Bxd4 Rxd4 28. h4 Rd2 29. a4 bxa4 30. bxa4 Ra2 31. Bc6 Bc2 32. Re1 Bxa4 33. Bxa4
Rxa4 34. Rxe7 Ra2 35. Ra7 a4 36. Kg2 h5 37. Kf3 Kg7 38. Ke3 a3 39. f4 Ra1 40.
f5 a2 0-1

[Event "265th YMCA Autumn B"]
[Site "Warsaw"]
[Date "2022.10.20"]
[Round "4"]
[White "Tsiapko, Andrii"]
[Black "Wojciechowski, Franciszek"]
[Result "1/2-1/2"]
[WhiteElo "1590"]
[BlackElo "1503"]
[PlyCount "51"]
[EventDate "2022.09.28"]
[EventType "tourn"]
[EventRounds "1"]
[EventCountry "POL"]
[SourceDate "2022.09.28"]

1. d4 Nf6 2. Nf3 b6 3. c4 e6 4. g3 Bb7 5. Bg2 Be7 6. O-O O-O 7. Nc3 Ne4 8. Qc2
Nxc3 9. Qxc3 d6 10. Re1 f5 11. Ng5 Bxg2 12. Nxe6 Qc8 13. Nxf8 Bb7 14. Nxh7 Kxh7
15. d5 Nd7 16. e4 Bf6 17. Qc2 Ne5 18. Kg2 Ba6 19. Bd2 Bxc4 20. f4 Bd3 21. Qb3
Bxe4+ 22. Rxe4 fxe4 23. fxe5 Bxe5 24. Qc2 Qf5 25. Rf1 Qg4 26. Bf4 1/2-1/2

[Event "265th YMCA Autumn B"]
[Site "Warsaw"]
[Date "2022.10.27"]
[Round "5"]
[White "Wojciechowski, Franciszek"]
[Black "Dropia, Rafal"]
[Result "0-1"]
[WhiteElo "1503"]
[BlackElo "1568"]
[PlyCount "86"]
[EventDate "2022.09.28"]
[EventType "tourn"]
[EventRounds "1"]
[EventCountry "POL"]
[SourceDate "2022.09.28"]

1. d4 d6 2. e4 e5 3. dxe5 dxe5 4. Qxd8+ Kxd8 5. Bc4 Be6 6. Bg5+ Nf6 7. Bxe6
fxe6 8. Nd2 Bd6 9. Ngf3 Nc6 10. c3 h6 11. Bh4 g5 12. Bg3 Nh5 13. O-O-O Ke7 14.
Nc4 Nf4 15. h4 Ne2+ 16. Kb1 Nxg3 17. fxg3 g4 18. Ne1 h5 19. Rd2 Rhf8 20. Nc2
Rad8 21. Rhd1 $11 b5 22. Nxd6 Rxd6 23. Ne3 Na5 24. b4 Nb7 25. c4 Rfd8 26. Rxd6
Nxd6 27. cxb5 Nxe4 28. Rc1 Nxg3 29. Rxc7+ Rd7 30. Rc8 Nf5 31. Nc4 e4 32. Ne5
Rb7 33. Nc6+ Kd6 34. Rd8+ Kc7 35. a4 Nxh4 36. Rh8 Nxg2 37. Rxh5 Kd6 38. Rg5 e3
39. Nd4 e5 40. Rxg4 exd4 41. Rxg2 Rc7 42. Rc2 Rf7 43. Kc1 Rf1+ 0-1